000 02064cam a22004934a 4500
001 6220184
003 ARRUPE
005 20131107124944.0
008 061229s2007 iluab b 001 0 eng
010 _a 2006103502
020 _a9780226023519 (cloth : alk. paper)
020 _a0226023516 (cloth : alk. paper)
020 _a9780226023526 (pbk. : alk. paper)
020 _a0226023524 (pbk. : alk. paper)
035 _a(OCoLC)OCM77573179
035 _a(OCoLC)77573179
035 _a(NNC)6220184
040 _aDLC
_cDLC
_dBAKER
_dBTCTA
_dC#P
_dOrLoB-B
043 _af------
050 0 0 _aGN308.3.A35
_bA78 2007
082 0 0 _a306.096
_222
100 1 _aApter, Andrew H.
_q(Andrew Herman)
_93454
245 1 0 _aBeyond words :
_bdiscourse and critical agency in Africa /
_cAndrew Apter.
260 _aChicago :
_bUniversity of Chicago Press,
_c2007.
300 _axii, 171 p. :
_bill., map ;
_c24 cm.
504 _aIncludes bibliographical references (p. [149]-164) and index.
505 0 0 _g1.
_tQue Faire? --
_g2.
_tThe politics of panegyric --
_g3.
_tRituals against rebellion --
_g4.
_tDiscourse and its disclosures --
_g5.
_tGriaule's legacy --
_g6.
_tDecolonizing the text.
650 0 _aEthnology
_zAfrica
_xHistory.
_93455
650 0 _aEthnology
_zAfrica
_xPhilosophy.
_93456
650 0 _aDiscourse analysis
_zAfrica.
_93457
650 0 _aCulture
_xSemiotic models.
_93458
650 0 _aSocial problems
_zAfrica.
_93459
651 0 _aAfrica
_xIn popular culture.
_93460
651 0 _aAfrica
_xColonization.
_93461
651 0 _aAfrica
_xSocial conditions.
_93462
651 0 _aAfrica
_xCivilization.
_93463
856 4 1 _3Table of contents only
_uhttp://www.loc.gov/catdir/toc/ecip077/2006103502.html
856 4 2 _3Contributor biographical information
_uhttp://www.loc.gov/catdir/enhancements/fy0701/2006103502-b.html
856 4 2 _3Publisher description
_uhttp://www.loc.gov/catdir/enhancements/fy0707/2006103502-d.html
900 _bTOC
942 _2lcc
_cMONOGRAPH
948 1 _a20070626
_bc
_cjeb52
_dMPS
948 2 _a20070626
_ba
_cjeb52
_dMPS
999 _c118569
_d118569